[Event "Koge Bugt Sommer 2011"]
[Site "Solrod Gml. Skole"]
[Date "2011.08.31"]
[Round "3.5"]
[White "Pondal, Jesper"]
[Black "Nielsen, Steen"]
[Result "1-0"]
[WhiteElo "1848"]
[BlackElo "1574"]
[PlyCount "83"]
[EventDate "2011.??.??"]
[WhiteTeam "Køge Skakklub"]
[BlackTeam "Solrød Skakklub"]

1. d4 d5 2. Nf3 Nf6 3. c4 e6 4. Nc3 Be7 5. Bf4 c6 6. e3 O-O 7. Qc2 Nbd7 8. Bd3
dxc4 9. Bxc4 Nb6 10. Bd3 h6 11. a3 Nbd5 12. Bg3 Re8 13. Ne5 Nd7 14. Bh7+ Kf8
15. Nc4 N7f6 16. O-O Nxc3 17. bxc3 Bd7 18. Nd6 c5 19. Nxe8 Qxe8 20. Bd3 cxd4
21. cxd4 Rc8 22. Qb2 Bc6 23. Rfc1 Qd7 24. a4 Qd5 25. f3 Rd8 26. Bb5 Qg5 27.
Bxc6 bxc6 28. Bf4 Qd5 29. e4 Qxd4+ 30. Qxd4 Rxd4 31. Rxc6 g5 32. Be3 Rd7 33.
Rc8+ Kg7 34. Ra8 a5 35. Rxa5 Bb4 36. Rb5 Bd2 37. Bf2 g4 38. a5 gxf3 39. gxf3
Rd3 40. Kg2 Kg6 41. a6 Nh5 42. Rxh5 1-0

[Event "Koge Bugt Sommer 2011"]
[Site "Solrod Gml. Skole"]
[Date "2011.08.31"]
[Round "3.6"]
[White "Sørensen, Aron Frank"]
[Black "Zivkovic, Milenko"]
[Result "0-1"]
[WhiteElo "1489"]
[BlackElo "1827"]
[PlyCount "46"]
[EventDate "2011.??.??"]
[WhiteTeam "Solrød Skakklub"]
[BlackTeam "Skakklub Perlen"]

1. d4 Nf6 2. c4 e6 3. g3 d5 4. Bg2 Bb4+ 5. Bd2 Qe7 6. a3 Bxd2+ 7. Nxd2 O-O 8.
Ngf3 Nbd7 9. O-O b6 10. cxd5 exd5 11. Re1 Bb7 12. Qc2 c5 13. e4 dxe4 14. Ng5
Rfe8 15. Ndxe4 Nxe4 16. Nxe4 cxd4 17. Nf6+ Qxf6 18. Bxb7 Rad8 19. Rxe8+ Rxe8
20. Rd1 Nc5 21. Bg2 d3 22. Qd2 Re2 23. Re1 Qxf2+ 0-1

[Event "Koge Bugt Sommer 2011"]
[Site "Solrod Gml. Skole"]
[Date "2011.08.31"]
[Round "3.7"]
[White "Wieland, Carsten"]
[Black "Johannsen, Bjørn"]
[Result "0-1"]
[WhiteElo "1146"]
[BlackElo "1576"]
[PlyCount "42"]
[EventDate "2011.??.??"]
[WhiteTeam "Solrød Skakklub"]
[BlackTeam "Haslev Skakklub"]

1. d4 d5 2. Nf3 Bf5 3. g3 e6 4. Bg2 Bd6 5. O-O Nf6 6. c4 c6 7. c5 Bc7 8. Re1
Nbd7 9. Nbd2 e5 10. dxe5 Nxe5 11. Nxe5 Bxe5 12. e4 dxe4 13. Qb3 O-O 14. Bxe4
Nxe4 15. Nxe4 Qc7 16. Qf3 Bg6 17. h4 Rae8 18. Rb1 Qa5 19. Bd2 Bxe4 20. Qxe4
Qxd2 21. f4 Bd4+ 0-1

[Event "Koge Bugt Sommer 2011"]
[Site "Solrod Gml. Skole"]
[Date "2011.08.31"]
[Round "3.8"]
[White "Thinggaard, Jørgen"]
[Black "Christensen, Peter"]
[Result "0-1"]
[WhiteElo "1220"]
[BlackElo "1229"]
[PlyCount "58"]
[EventDate "2011.??.??"]
[WhiteTeam "Vejlby-Risskov Skakklub"]
[BlackTeam "Køge Skakklub"]

1. e4 c5 2. Bc4 d6 3. d3 Nf6 4. Nc3 e6 5. Bg5 Be7 6. Nf3 a6 7. O-O O-O 8. Bxf6
Bxf6 9. Qd2 Nc6 10. a3 b5 11. Bb3 Bb7 12. Rab1 Rc8 13. Ne2 Ne7 14. Nf4 g6 15.
Nxe6 fxe6 16. Bxe6+ Kh8 17. Bxc8 Nxc8 18. b4 c4 19. Qe3 Nb6 20. Nd4 Re8 21. f3
Nd5 22. Qf2 Nc3 23. Rbe1 Qb6 24. Nf5 Qxf2+ 25. Kxf2 gxf5 26. exf5 Bd4+ 27. Kg3
Ne2+ 28. Kg4 Rg8+ 29. Kh3 Nf4+ 0-1

[Event "Koge Bugt Sommer 2011"]
[Site "Solrod Gml. Skole"]
[Date "2011.08.31"]
[Round "3.9"]
[White "Krogh, Peter Ove"]
[Black "Jensen, Tom B"]
[Result "1-0"]
[WhiteElo "1756"]
[BlackElo "1468"]
[PlyCount "99"]
[EventDate "2011.??.??"]
[WhiteTeam "Køge Skakklub"]
[BlackTeam "Tåstrup Skakforening"]

1. c4 e6 2. Nc3 f5 3. g3 Nf6 4. Bg2 Be7 5. d4 O-O 6. Nh3 c6 7. d5 e5 8. d6 Qe8
9. dxe7 Qxe7 10. O-O d6 11. Bg5 Be6 12. b3 Qf7 13. Bxf6 Qxf6 14. e4 f4 15. Qxd6
f3 16. Bxf3 Bxh3 17. Qxf6 Rxf6 18. Bg2 Bc8 19. Rad1 Nd7 20. Bh3 Nc5 21. Bxc8
Rxc8 22. b4 Ne6 23. Rd7 Rf7 24. Rd6 Re7 25. f4 Nc7 26. Rfd1 Kf7 27. Rd7 Ne8 28.
fxe5 Ke6 29. Rxe7+ Kxe7 30. Kf2 Ke6 31. Ke3 Kxe5 32. Rd7 Rc7 33. Rd8 Nf6 34. h3
Re7 35. g4 Nd7 36. c5 Kf6 37. h4 g6 38. g5+ Kg7 39. a4 Ne5 40. b5 Ng4+ 41. Kf4
Ne5 42. Ra8 b6 43. bxc6 Nxc6 44. cxb6 axb6 45. Nd5 Rb7 46. Ra6 Rf7+ 47. Nf6 Rb7
48. Ne8+ Kf8 49. Nd6 Nb4 50. Ra8+ 1-0

[Event "Koge Bugt Sommer 2011"]
[Site "Solrod Gml. Skole"]
[Date "2011.08.31"]
[Round "3.10"]
[White "Hansen, Erik Levin"]
[Black "Kieldsen, Seier"]
[Result "1-0"]
[WhiteElo "1584"]
[BlackElo "1000"]
[PlyCount "73"]
[EventDate "2011.??.??"]
[WhiteTeam "Haslev Skakklub"]
[BlackTeam "Solrød Skakklub"]

1. e4 Nc6 2. Nf3 e5 3. d4 d6 4. Bc4 Be7 5. c3 Bg4 6. Be3 Bf6 7. h3 Be6 8. d5
Bd7 9. dxc6 Bxc6 10. Bd5 Ne7 11. Bxc6+ Nxc6 12. Nbd2 O-O 13. O-O Re8 14. Nh2 h6
15. Qg4 Ne7 16. Bxh6 Ng6 17. Be3 Bh4 18. Ndf3 Re6 19. Nxh4 Nxh4 20. Bg5 Qd7 21.
Bxh4 b5 22. Nf3 f6 23. Bxf6 Rf8 24. Bxg7 Qxg7 25. Qxe6+ Rf7 26. Qg4 c6 27.
Qxg7+ Rxg7 28. Rad1 Rd7 29. Nxe5 Re7 30. Nxc6 Rxe4 31. Rxd6 a6 32. Rfd1 Kf7 33.
Rd7+ Kf6 34. R1d6+ Kf5 35. g4+ Kf4 36. Rf7+ Kg5 37. Rf5+ 1-0

[Event "Koge Bugt Sommer 2011"]
[Site "Solrod Gml. Skole"]
[Date "2011.09.07"]
[Round "4.1"]
[White "Kristensen, Benny"]
[Black "Nielsen, Michael"]
[Result "1-0"]
[WhiteElo "1628"]
[BlackElo "1247"]
[PlyCount "67"]
[EventDate "2011.??.??"]
[WhiteTeam "Skovbo Skakklub"]
[BlackTeam "Sjælsø Skakklub"]

1. e4 d6 2. d4 g6 3. Nc3 Bg7 4. f4 e6 5. Nf3 Ne7 6. Be3 b6 7. Qd2 Bb7 8. O-O-O
Nd7 9. Be2 Rc8 10. Rhg1 O-O 11. g4 Nf6 12. Bd3 Nd7 13. h4 c5 14. h5 Nf6 15.
hxg6 fxg6 16. g5 Nd7 17. Qh2 Rf7 18. Rg3 Nc6 19. e5 cxd4 20. Nxd4 Nxd4 21. Bxd4
Rxf4 22. Be3 Rf7 23. exd6 Be5 24. Qh3 Bxg3 25. Qxg3 Rf3 26. Qe1 e5 27. Bd2 Qe8
28. Ne4 Qf7 29. Kb1 Qe6 30. Bc3 Rcf8 31. Qe2 Bd5 32. b3 R8f4 33. Bb2 Qf5 34.
Nf6+ 1-0

[Event "Koge Bugt Sommer 2011"]
[Site "Solrod Gml. Skole"]
[Date "2011.09.07"]
[Round "4.2"]
[White "Petrovski, Petruli"]
[Black "Christensen, Verner"]
[Result "1-0"]
[WhiteElo "1724"]
[BlackElo "1713"]
[PlyCount "77"]
[EventDate "2011.??.??"]
[WhiteTeam "Skakklub Perlen"]
[BlackTeam "Solrød Skakklub"]

1. Nf3 Nf6 2. b3 g6 3. Bb2 Bg7 4. g3 O-O 5. Bg2 d5 6. O-O c6 7. d3 Na6 8. Nbd2
Nc5 9. c4 Bg4 10. Qc2 Rc8 11. b4 Na6 12. a3 Re8 13. e4 Bxf3 14. Nxf3 e6 15.
Rad1 Qe7 16. Rfe1 Nc7 17. Qb3 a6 18. c5 Nd7 19. Bxg7 Kxg7 20. h4 Qf6 21. e5 Qe7
22. d4 Ra8 23. Qe3 Nf8 24. g4 h6 25. Kh2 Nh7 26. h5 Ng5 27. Nh4 Ne4 28. Kh3
Ng5+ 29. Kg3 gxh5 30. f4 hxg4 31. f5 Kh8 32. f6 Qf8 33. Rh1 Ne4+ 34. Bxe4 dxe4
35. Ng6+ fxg6 36. Rxh6+ Kg8 37. Rdh1 Re7 38. Rh8+ Kf7 39. R1h7+ 1-0

[Event "Koge Bugt Sommer 2011"]
[Site "Solrod Gml. Skole"]
[Date "2011.09.07"]
[Round "4.3"]
[White "Johannsen, Bjørn"]
[Black "Pondal, Jesper"]
[Result "1/2-1/2"]
[WhiteElo "1576"]
[BlackElo "1848"]
[PlyCount "63"]
[EventDate "2011.??.??"]
[WhiteTeam "Haslev Skakklub"]
[BlackTeam "Køge Skakklub"]

1. d4 d5 2. Bf4 Nf6 3. e3 e6 4. Bd3 c5 5. c3 Nc6 6. Nf3 Be7 7. Nbd2 a6 8. Qe2
c4 9. Bc2 b5 10. a3 a5 11. Ne5 Qb6 12. Ndf3 Ne4 13. Nxc6 Qxc6 14. Ne5 Qb7 15.
Qg4 Bf6 16. O-O h5 17. Qe2 Ra6 18. h3 Bxe5 19. Bxe5 f6 20. Bh2 Qf7 21. f3 Nd6
22. Bxd6 Rxd6 23. e4 O-O 24. f4 f5 25. e5 Rb6 26. Rf3 Qg6 27. Kf2 Qh6 28. Ke3
Rf7 29. Rg3 Ra7 30. Bd1 Bd7 31. Qxh5 Qxh5 32. Bxh5 1/2-1/2

[Event "Koge Bugt Sommer 2011"]
[Site "Solrod Gml. Skole"]
[Date "2011.09.07"]
[Round "4.4"]
[White "Zivkovic, Milenko"]
[Black "Trærup, Jørgen"]
[Result "1-0"]
[WhiteElo "1827"]
[BlackElo "1319"]
[PlyCount "74"]
[EventDate "2011.??.??"]
[WhiteTeam "Skakklub Perlen"]
[BlackTeam "BMS Skak"]

1. d4 Nf6 2. Nc3 d5 3. e4 e6 4. Bg5 Be7 5. e5 Nfd7 6. Bxe7 Qxe7 7. Qd2 O-O 8.
f4 Qh4+ 9. g3 Qe7 10. Nb5 Na6 11. Qc3 c5 12. Qa3 Nb4 13. O-O-O a6 14. Nf3 c4
15. Nd6 a5 16. Kb1 b6 17. Qc3 f6 18. Bh3 f5 19. g4 fxg4 20. Bxg4 Nc6 21. Ng5
Nd8 22. Qh3 h6 23. Nxe6 Nxe6 24. Bxe6+ Kh8 25. Nxc8 Raxc8 26. Bxd7 Rcd8 27. e6
Rxf4 28. Rhf1 Rh4 29. Qg2 Qd6 30. Rf7 Rg8 31. h3 Re4 32. Qg6 Qb4 33. c3 Qd6 34.
Rg1 Rf4 35. Rxg7 Rf1+ 36. Rxf1 Rxg7 37. Qxh6+ Kg8 1-0

[Event "Koge Bugt Sommer 2011"]
[Site "Solrod Gml. Skole"]
[Date "2011.09.07"]
[Round "4.5"]
[White "Refsgaard, Kaj"]
[Black "Orup, Kim Amdi"]
[Result "1/2-1/2"]
[WhiteElo "1531"]
[BlackElo "1662"]
[PlyCount "78"]
[EventDate "2011.??.??"]
[WhiteTeam "Jernbanens Skakklub"]
[BlackTeam "Solrød Skakklub"]

1. d4 f5 2. Nf3 d6 3. c4 Nf6 4. Nc3 e6 5. g3 Be7 6. Bg2 O-O 7. O-O c6 8. Re1 h6
9. Qc2 Nh7 10. e4 Na6 11. exf5 exf5 12. d5 c5 13. a3 Nc7 14. Ne2 g5 15. b3 g4
16. Nd2 Ne8 17. Nf4 Bf6 18. Bb2 Bxb2 19. Qxb2 Qf6 20. Qxf6 Nexf6 21. Ng6 Re8
22. Rxe8+ Nxe8 23. Re1 Kf7 24. Re7+ Kxg6 25. Rxe8 Kf7 26. Rd8 Ke7 27. Rh8 Nf6
28. Rxh6 Kf7 29. h3 Kg7 30. Rh4 Bd7 31. hxg4 Nxg4 32. Bh3 Re8 33. Bxg4 Re1+ 34.
Kg2 fxg4 35. Rh1 Re2 36. Rd1 Bf5 37. Nf1 Be4+ 38. Kg1 Bf3 39. Nd2 Rxf2 1/2-1/2

[Event "Koge Bugt Sommer 2011"]
[Site "Solrod Gml. Skole"]
[Date "2011.09.07"]
[Round "4.6"]
[White "Christensen, Peter"]
[Black "Larsen, Paul M"]
[Result "1/2-1/2"]
[WhiteElo "1229"]
[BlackElo "1420"]
[PlyCount "39"]
[EventDate "2011.??.??"]
[WhiteTeam "Køge Skakklub"]
[BlackTeam "Haslev Skakklub"]

1. d4 Nf6 2. c4 e6 3. Nf3 b6 4. g3 Bb7 5. Bg2 Be7 6. O-O O-O 7. e3 Ne4 8. Nbd2
f5 9. Qc2 Na6 10. a3 c5 11. dxc5 Naxc5 12. b4 Nxd2 13. Nxd2 Bxg2 14. Kxg2 Nb7
15. Bb2 d5 16. cxd5 Qxd5+ 17. Nf3 Rac8 18. Qe2 Qb3 19. Nd4 Qd5+ 20. Nf3 1/2-1/2

[Event "Koge Bugt Sommer 2011"]
[Site "Solrod Gml. Skole"]
[Date "2011.09.07"]
[Round "4.7"]
[White "Wieland, Carsten"]
[Black "Hansen, Erik Levin"]
[Result "0-1"]
[WhiteElo "1146"]
[BlackElo "1584"]
[PlyCount "74"]
[EventDate "2011.??.??"]
[WhiteTeam "Solrød Skakklub"]
[BlackTeam "Haslev Skakklub"]

1. d4 f5 2. c4 Nf6 3. Bg5 e6 4. Nc3 Be7 5. e3 d6 6. Qb3 Nbd7 7. Be2 c6 8. Bf3
h6 9. Bf4 O-O 10. Nge2 Qe8 11. c5 d5 12. O-O g5 13. Bd6 g4 14. Bxd5 exd5 15.
Bxe7 Qxe7 16. Nf4 Qf7 17. f3 Qe8 18. Rae1 Nh5 19. fxg4 Nxf4 20. Rxf4 fxg4 21.
Rxg4+ Kh8 22. Rh4 Qg6 23. Qd1 Nf6 24. Qd2 Qg5 25. Rf4 Bf5 26. Qf2 Nh5 27. Rf3
Rf6 28. e4 dxe4 29. Nxe4 Bxe4 30. Rxe4 Raf8 31. Rxf6 Rxf6 32. Re8+ Kh7 33. Qc2+
Qf5 34. Qxf5+ Rxf5 35. Re7+ Kg6 36. Rxb7 Nf4 37. Rxa7 Ne2+ 0-1

[Event "Koge Bugt Sommer 2011"]
[Site "Solrod Gml. Skole"]
[Date "2011.09.07"]
[Round "4.8"]
[White "Nielsen, Steen"]
[Black "Thinggaard, Jørgen"]
[Result "1-0"]
[WhiteElo "1574"]
[BlackElo "1220"]
[PlyCount "35"]
[EventDate "2011.??.??"]
[WhiteTeam "Solrød Skakklub"]
[BlackTeam "Vejlby-Risskov Skakklub"]

1. d4 d5 2. c4 dxc4 3. Nf3 e6 4. e3 b5 5. a4 c6 6. axb5 cxb5 7. b3 Qc7 8. bxc4
bxc4 9. Ne5 c3 10. Qf3 Bb7 11. Bb5+ Nc6 12. Bxc6+ Bxc6 13. Qxc6+ Qxc6 14. Nxc6
Nf6 15. Nxc3 Rc8 16. Ra6 g6 17. O-O Bh6 18. Ba3 1-0

[Event "Koge Bugt Sommer 2011"]
[Site "Solrod Gml. Skole"]
[Date "2011.09.07"]
[Round "4.9"]
[White "Krogh, Peter Ove"]
[Black "Jørgensen, Leif"]
[Result "1-0"]
[WhiteElo "1756"]
[BlackElo "1412"]
[PlyCount "73"]
[EventDate "2011.??.??"]
[WhiteTeam "Køge Skakklub"]
[BlackTeam "Solrød Skakklub"]

1. c4 c5 2. g3 d5 3. cxd5 Qxd5 4. Nf3 Nf6 5. Nc3 Qd8 6. Bg2 e6 7. e3 Bd6 8. d4
Na6 9. O-O O-O 10. a3 Rb8 11. dxc5 Nxc5 12. Qc2 e5 13. b4 Ne6 14. Rd1 Qb6 15.
Na4 Qc7 16. Qb3 Bd7 17. Bb2 Rbd8 18. Rac1 Qb8 19. Nc3 Rfe8 20. Nd2 Re7 21. Nc4
Bc7 22. b5 b6 23. Qc2 Nc5 24. a4 Be6 25. Ne4 Rxd1+ 26. Rxd1 Nfxe4 27. Bxe4 Nxe4
28. Qxe4 f5 29. Qc6 Bxc4 30. Qxc4+ Kh8 31. f4 h6 32. Rd5 exf4 33. exf4 Re4 34.
Qd3 Qf8 35. Be5 Qf7 36. Rd7 Qh5 37. Bxg7+ 1-0

[Event "Koge Bugt Sommer 2011"]
[Site "Solrod Gml. Skole"]
[Date "2011.09.07"]
[Round "4.10"]
[White "Jensen, Tom B"]
[Black "Kieldsen, Seier"]
[Result "1-0"]
[WhiteElo "1468"]
[BlackElo "1000"]
[PlyCount "93"]
[EventDate "2011.??.??"]
[WhiteTeam "Tåstrup Skakforening"]
[BlackTeam "Solrød Skakklub"]

1. e4 Nc6 2. Nc3 e5 3. a3 Nf6 4. Bc4 d6 5. d3 Bg4 6. f3 Be6 7. Bb5 Qd7 8. Nge2
d5 9. Bg5 d4 10. Nb1 Be7 11. O-O h6 12. Bd2 O-O 13. f4 a6 14. Bxc6 Qxc6 15.
fxe5 Ng4 16. Kh1 Bg5 17. Nxd4 Qe8 18. Nf3 Qd8 19. Qe2 c5 20. h3 f6 21. Bxg5
fxg5 22. Nbd2 Nf6 23. exf6 Rxf6 24. Nh2 Qd4 25. c3 Qe5 26. Rxf6 gxf6 27. Rf1
Rf8 28. Ng4 Bxg4 29. Qxg4 Rd8 30. Nc4 Qe7 31. Rd1 b5 32. Na5 Qc7 33. Qe6+ Kg7
34. Nb3 Rd6 35. Qf5 Rc6 36. c4 h5 37. Rc1 Qd6 38. Qd5 h4 39. Qxd6 Rxd6 40. Nxc5
Kf7 41. b4 Kg6 42. cxb5 axb5 43. Kg1 Rc6 44. d4 f5 45. exf5+ Kxf5 46. Kf2 Kf4
47. Nd3+ 1-0

[Event "Koge Bugt Sommer 2011"]
[Site "Solrod Gml. Skole"]
[Date "2011.09.14"]
[Round "5.1"]
[White "Kristensen, Benny"]
[Black "Petrovski, Petruli"]
[Result "1/2-1/2"]
[WhiteElo "1628"]
[BlackElo "1724"]
[PlyCount "49"]
[EventDate "2011.??.??"]
[WhiteTeam "Skovbo Skakklub"]
[BlackTeam "Skakklub Perlen"]

1. e4 c5 2. d4 cxd4 3. c3 dxc3 4. Nxc3 Nc6 5. Nf3 d6 6. Bc4 e6 7. O-O Nf6 8.
Qe2 Be7 9. Rd1 e5 10. Bg5 O-O 11. Bxf6 Bxf6 12. Nd5 Bg4 13. h3 Nd4 14. Rxd4
Bxf3 15. Qxf3 exd4 16. Qa3 a6 17. Bd3 Rc8 18. Qb3 b5 19. a4 Qa5 20. Qd1 b4 21.
Qh5 Bd8 22. Nf6+ gxf6 23. Qg4+ Qg5 24. Qxc8 a5 25. Qg4 1/2-1/2

[Event "Koge Bugt Sommer 2011"]
[Site "Solrod Gml. Skole"]
[Date "2011.09.14"]
[Round "5.2"]
[White "Nielsen, Michael"]
[Black "Zivkovic, Milenko"]
[Result "0-1"]
[WhiteElo "1247"]
[BlackElo "1827"]
[PlyCount "96"]
[EventDate "2011.??.??"]
[WhiteTeam "Sjælsø Skakklub"]
[BlackTeam "Skakklub Perlen"]

1. d4 Nf6 2. c4 e6 3. Nf3 d5 4. e3 a6 5. Bd3 dxc4 6. Bxc4 b5 7. Bd3 Bb7 8. b3
Nbd7 9. O-O c5 10. Bb2 Ne4 11. Nbd2 Nxd2 12. Nxd2 f5 13. Rc1 Bd6 14. Nf3 O-O
15. Qe2 Rc8 16. Rfe1 Qe8 17. a4 Qh5 18. Ne5 Qxe2 19. Rxe2 Bxe5 20. dxe5 Rfd8
21. Rd2 Nb6 22. axb5 axb5 23. Rcd1 Bc6 24. Be2 Rd5 25. f4 Rcd8 26. Rxd5 Rxd5
27. Kf2 Rxd1 28. Bxd1 Bd5 29. h3 Nc8 30. Bc3 b4 31. Bd2 Na7 32. g4 g6 33. Kg3
Nc6 34. h4 Na5 35. h5 Bxb3 36. Be2 Bc4 37. Bd1 Bd3 38. Ba4 Nc4 39. Bc1 Nb6 40.
Bd1 c4 41. Bb2 c3 42. Ba1 c2 43. Bxc2 Bxc2 44. hxg6 hxg6 45. Kh4 Nc4 46. Kg5
Kf7 47. gxf5 gxf5 48. Bd4 b3 0-1

[Event "Koge Bugt Sommer 2011"]
[Site "Solrod Gml. Skole"]
[Date "2011.09.14"]
[Round "5.3"]
[White "Christensen, Verner"]
[Black "Johannsen, Bjørn"]
[Result "1/2-1/2"]
[WhiteElo "1713"]
[BlackElo "1576"]
[PlyCount "84"]
[EventDate "2011.??.??"]
[WhiteTeam "Solrød Skakklub"]
[BlackTeam "Haslev Skakklub"]

1. e4 e6 2. d4 d5 3. Nc3 Bb4 4. e5 Ne7 5. Bg5 h6 6. Bh4 a6 7. Nf3 c5 8. a3 cxd4
9. axb4 dxc3 10. bxc3 Qc7 11. Qd2 Nf5 12. Bg3 Nc6 13. Bb5 Bd7 14. Bxc6 Bxc6 15.
O-O Bb5 16. Rfe1 Rc8 17. Ra3 Qc4 18. Qd1 Rc7 19. Nd2 Qc6 20. Qg4 Rg8 21. Bf4 d4
22. Ne4 Kf8 23. Nd6 g5 24. Bg3 dxc3 25. Nxf5 exf5 26. Qxf5 Qe6 27. Qf6 Rc6 28.
Rd1 Rc8 29. Rd8+ Rxd8 30. Qxd8+ Kg7 31. Qd4 Rc8 32. Rxc3 Rxc3 33. Qxc3 Kg6 34.
h4 Qc4 35. Qxc4 Bxc4 36. f3 Kf5 37. hxg5 Kxg5 38. Kf2 h5 39. Bh2 Kf5 40. f4 Bd5
41. g3 Be4 42. c3 Bd5 1/2-1/2

[Event "Koge Bugt Sommer 2011"]
[Site "Solrod Gml. Skole"]
[Date "2011.09.14"]
[Round "5.4"]
[White "Larsen, Paul M"]
[Black "Krogh, Peter Ove"]
[Result "0-1"]
[WhiteElo "1420"]
[BlackElo "1756"]
[PlyCount "72"]
[EventDate "2011.??.??"]
[WhiteTeam "Haslev Skakklub"]
[BlackTeam "Køge Skakklub"]

1. Nf3 Nf6 2. c4 b6 3. g3 Bb7 4. Bg2 d6 5. Nc3 e5 6. e4 Nxe4 7. Nh4 Nxc3 8.
bxc3 Bxg2 9. Nxg2 Be7 10. O-O O-O 11. d4 Nd7 12. Qf3 Kh8 13. Be3 h6 14. Qf5 Bg5
15. Bxg5 hxg5 16. f4 gxf4 17. gxf4 g6 18. Qh3+ Kg7 19. dxe5 Rh8 20. Qg3 dxe5
21. fxe5 Qe7 22. Qe3 Qc5 23. Rae1 Qxe3+ 24. Rxe3 Rae8 25. Rfe1 Nc5 26. Nf4 Rh4
27. Nd5 c6 28. Nc7 Re7 29. e6 f5 30. Rd1 Kf6 31. Nd5+ cxd5 32. cxd5 Rg4+ 33.
Kf1 Re4 34. Rxe4 Nxe4 35. c4 Nd6 36. Rc1 Rc7 0-1

[Event "Koge Bugt Sommer 2011"]
[Site "Solrod Gml. Skole"]
[Date "2011.09.14"]
[Round "5.5"]
[White "Orup, Kim Amdi"]
[Black "Christensen, Peter"]
[Result "1/2-1/2"]
[WhiteElo "1662"]
[BlackElo "1229"]
[PlyCount "94"]
[EventDate "2011.??.??"]
[WhiteTeam "Solrød Skakklub"]
[BlackTeam "Køge Skakklub"]

1. e4 c5 2. f4 d6 3. Nf3 e6 4. Bb5+ Bd7 5. Bxd7+ Qxd7 6. d3 Nc6 7. Nc3 g6 8.
Ne2 Bg7 9. c3 Nge7 10. O-O O-O 11. h3 f5 12. Ng3 Kh8 13. Ng5 Nd8 14. Qb3 a6 15.
h4 Bf6 16. exf5 Nxf5 17. Nxf5 exf5 18. Bd2 Bxg5 19. hxg5 Ne6 20. Rae1 Ng7 21.
Qd1 Rae8 22. Kf2 Nh5 23. Rh1 Rxe1 24. Qxe1 Re8 25. Qd1 Qb5 26. Bc1 Qd7 27. b3
d5 28. d4 c4 29. bxc4 dxc4 30. Re1 Re4 31. Rxe4 fxe4 32. d5 Qf5 33. Qd4+ Kg8
34. Qe5 e3+ 35. Qxe3 Qxd5 36. Qe8+ Kg7 37. Qe5+ Qxe5 38. fxe5 Kf7 39. g4 Ng7
40. Ke3 Ne6 41. Ke4 Nc7 42. Kd4 b5 43. Kc5 Ke6 44. Kb6 Nd5+ 45. Kxa6 Nxc3 46.
a3 Kd5 47. Ka5 Ke6 1/2-1/2

[Event "Koge Bugt Sommer 2011"]
[Site "Solrod Gml. Skole"]
[Date "2011.09.14"]
[Round "5.6"]
[White "Hansen, Erik Levin"]
[Black "Refsgaard, Kaj"]
[Result "0-1"]
[WhiteElo "1584"]
[BlackElo "1531"]
[PlyCount "122"]
[EventDate "2011.??.??"]
[WhiteTeam "Haslev Skakklub"]
[BlackTeam "Jernbanens Skakklub"]

1. e4 c5 2. Nf3 Nc6 3. d4 cxd4 4. Nxd4 Nf6 5. Nc3 d6 6. f3 Bd7 7. Be3 a6 8. Qd2
g6 9. O-O-O Bg7 10. Kb1 O-O 11. h4 Rc8 12. h5 gxh5 13. Nf5 Bxf5 14. exf5 Qd7
15. Bd3 Ne5 16. Bh6 Bxh6 17. Qxh6 Nxd3 18. Rxd3 Qxf5 19. Ne4 Nxe4 20. fxe4 Qg6
21. Rxh5 Qxh6 22. Rxh6 f6 23. b3 Rf7 24. Rhh3 Rg7 25. Rh5 Rc5 26. Kc1 Rcg5 27.
Rxg5 Rxg5 28. g3 Kf7 29. b4 Ke6 30. c4 Rg6 31. Re3 Ke5 32. a4 a5 33. bxa5 Rg4
34. Kc2 Rxe4 35. Rb3 Rxc4+ 36. Kd2 Rxa4 37. Rxb7 e6 38. Rxh7 Rxa5 39. Rh5+ f5
40. g4 Ra4 41. gxf5 exf5 42. Ke3 Ra3+ 43. Kd2 Ke4 44. Rh8 Kd4 45. Rh5 Ke4 46.
Rh8 d5 47. Re8+ Kd4 48. Rf8 Ra2+ 49. Ke1 Ke3 50. Re8+ Kf3 51. Rd8 Ra5 52. Rd7
Ke3 53. Re7+ Kd3 54. Re5 f4 55. Rf5 Ke4 56. Rf8 d4 57. Re8+ Re5 58. Ra8 Ke3 59.
Ra3+ d3 60. Ra2 f3 61. Ra3 Rh5 0-1

[Event "Koge Bugt Sommer 2011"]
[Site "Solrod Gml. Skole"]
[Date "2011.09.14"]
[Round "5.7"]
[White "Trærup, Jørgen"]
[Black "Nielsen, Steen"]
[Result "0-1"]
[WhiteElo "1319"]
[BlackElo "1574"]
[PlyCount "76"]
[EventDate "2011.??.??"]
[WhiteTeam "BMS Skak"]
[BlackTeam "Solrød Skakklub"]

1. d4 d5 2. c4 e6 3. c5 c6 4. Nf3 b6 5. b4 a5 6. Bd2 axb4 7. Bxb4 bxc5 8. dxc5
Bxc5 9. Bc3 Nf6 10. e3 O-O 11. Bd3 Nbd7 12. Qc2 Ba6 13. O-O Bxd3 14. Qxd3 Be7
15. Ne5 Nxe5 16. Bxe5 c5 17. a4 Ne4 18. Nd2 Nxd2 19. Qxd2 Bf6 20. Bxf6 Qxf6 21.
a5 Ra6 22. Ra2 Rfa8 23. h3 c4 24. Rc1 h6 25. Ra3 Qe7 26. Rca1 Qc5 27. Qc3 Rb8
28. g3 Rb4 29. Kg2 Qb5 30. Kg1 Qb7 31. Kf1 Rb3 32. Rxb3 cxb3 33. Kg1 Rc6 34.
Qe1 b2 35. Rb1 Qc7 36. a6 Rc1 37. a7 Rxe1+ 38. Rxe1 Qxa7 0-1

[Event "Koge Bugt Sommer 2011"]
[Site "Solrod Gml. Skole"]
[Date "2011.09.14"]
[Round "5.8"]
[White "Thinggaard, Jørgen"]
[Black "Sørensen, Aron Frank"]
[Result "0-1"]
[WhiteElo "1220"]
[BlackElo "1489"]
[PlyCount "62"]
[EventDate "2011.??.??"]
[WhiteTeam "Vejlby-Risskov Skakklub"]
[BlackTeam "Solrød Skakklub"]

1. e4 g6 2. d4 Bg7 3. Nf3 c5 4. c3 d5 5. Bb5+ Bd7 6. Bxd7+ Qxd7 7. e5 cxd4 8.
cxd4 Nc6 9. O-O Nh6 10. Nc3 O-O 11. Qb3 e6 12. Nb5 Nf5 13. Qd3 a6 14. Nc3 Rac8
15. b3 Rfe8 16. Na4 Qc7 17. Ba3 Ncxd4 18. Rac1 Nxf3+ 19. Qxf3 Qxe5 20. g3 Nd4
21. Qg4 Ne2+ 22. Kg2 Nxc1 23. Bxc1 Rc2 24. Bf4 Qe4+ 25. Kh3 Rec8 26. Qd1 Qe2
27. Qb1 e5 28. Re1 Qh5+ 29. Kg2 exf4 30. Re8+ Rxe8 31. Qxc2 f3+ 0-1

[Event "Koge Bugt Sommer 2011"]
[Site "Solrod Gml. Skole"]
[Date "2011.09.14"]
[Round "5.9"]
[White "Jensen, Tom B"]
[Black "Wieland, Carsten"]
[Result "1/2-1/2"]
[WhiteElo "1468"]
[BlackElo "1146"]
[PlyCount "120"]
[EventDate "2011.??.??"]
[WhiteTeam "Tåstrup Skakforening"]
[BlackTeam "Solrød Skakklub"]

1. d4 d5 2. c4 Nf6 3. Nc3 e6 4. Bf4 Bb4 5. a3 Bxc3+ 6. bxc3 Nbd7 7. Nf3 O-O 8.
e3 c5 9. Bd3 dxc4 10. Bxc4 Qa5 11. Qb3 cxd4 12. exd4 Nb6 13. Bd3 Nbd5 14. Rc1
Nxf4 15. Bb1 Bd7 16. Ne5 Bb5 17. g3 N4d5 18. Bd3 Bxd3 19. Nxd3 Rac8 20. Nc5
Rxc5 21. dxc5 Qxc5 22. O-O Ne4 23. Rc2 Qa5 24. Rfc1 Nc5 25. Qc4 Qxa3 26. Rb1
Qa5 27. Rb5 Qa1+ 28. Kg2 b6 29. Rbb2 Qe1 30. Ra2 a5 31. Ra3 Qe4+ 32. Qxe4 Nxe4
33. c4 Nb4 34. Re2 Nf6 35. Re5 Rc8 36. Rb5 Nd7 37. Rc3 Rc5 38. h3 g6 39. g4
Rxb5 40. cxb5 Nc5 41. f4 Kg7 42. Kf3 f5 43. g5 h6 44. h4 hxg5 45. hxg5 Kf7 46.
Ke3 Ke7 47. Kd4 Kd6 48. Rh3 a4 49. Kc4 Ncd3 50. Rf3 a3 51. Rf1 Nxf4 52. Kxb4 a2
53. Ra1 Nd3+ 54. Kb3 Kc5 55. Kxa2 Kxb5 56. Rb1+ Kc5 57. Kb3 e5 58. Rd1 e4 59.
Kc3 b5 60. Rb1 b4+ 1/2-1/2

[Event "Koge Bugt Sommer 2011"]
[Site "Solrod Gml. Skole"]
[Date "2011.09.14"]
[Round "5.10"]
[White "Kieldsen, Seier"]
[Black "Jørgensen, Leif"]
[Result "0-1"]
[WhiteElo "1000"]
[BlackElo "1412"]
[PlyCount "96"]
[EventDate "2011.??.??"]
[WhiteTeam "Solrød Skakklub"]
[BlackTeam "Solrød Skakklub"]

1. d4 d5 2. Bf4 Nf6 3. e3 Nc6 4. Nc3 Bf5 5. Bd3 Bxd3 6. Qxd3 e6 7. Nf3 Bd6 8.
Be5 Bxe5 9. Nxe5 Nxe5 10. dxe5 Nd7 11. Qb5 b6 12. e4 O-O 13. O-O-O Qg5+ 14. Kb1
Nxe5 15. exd5 a6 16. Qe2 Rfe8 17. g3 Qf5 18. f4 Ng6 19. Qf3 Rad8 20. Rhe1 e5
21. Re4 exf4 22. gxf4 Rxe4 23. Qxe4 Qxe4 24. Nxe4 Nxf4 25. c4 f5 26. Rf1 Nxd5
27. cxd5 fxe4 28. Rf5 e3 29. Re5 e2 30. Rxe2 Rxd5 31. Kc2 Rd7 32. Kc3 Kf7 33.
b4 Re7 34. Rd2 g5 35. a4 h5 36. a5 bxa5 37. bxa5 Kf6 38. Rf2+ Kg6 39. Kc4 h4
40. h3 Re3 41. Rf8 Rxh3 42. Ra8 Ra3 43. Rxa6+ Kf5 44. Kb4 Ra1 45. Rc6 h3 46.
Rh6 g4 47. a6 Kf4 48. Kb5 Kg3 0-1